[Event "UZB-ch"]
[Site "Tashkent"]
[Date "2024.04.24"]
[Round "10"]
[White "Faizulaev, Akmal"]
[Black "Begmuratov, Khumoyun"]
[Result "0-1"]
[WhiteElo "2354"]
[BlackElo "2385"]
[PlyCount "77"]
[EventDate "2024.04.20"]
[EventType "tourn (rapid)"]
[EventRounds "23"]
[EventCountry "UZB"]
[EventCategory "5"]
[SourceTitle "CB18_2024"]
[SourceDate "2024.05.01"]
[SourceVersion "1"]
[SourceVersionDate "2024.05.01"]
[SourceQuality "2"]

1. e4 c5 2. Nf3 e6 3. d4 cxd4 4. Nxd4 Nc6 5. Nc3 Qc7 6. a3 a6 7. g3 Nf6 8. Bg2 Nxd4 9. Qxd4 Bc5 10. Bf4 d6 11. Qd2 Ng4 12. 0-0 Ne5 13. Na4 Ba7 14. b3 b5 15. Nb2 Bb7 16. c4 0-0 17. Rac1 Qe7 18. c5 Rfd8 19. Qc3 f6 20. Bxe5 dxe5 21. b4 Bc6 22. Rfd1 Rac8 23. h4 g6 24. Kh2 Bb8 25. Rxd8+ Rxd8 26. Rd1 Re8 27. Nd3 Bc7 28. Ne1 Kg7 29. Nc2 h5 30. Ne3 Bb8 31. Rd3 Kh7 32. Qd2 Rf8 33. Kg1 Kg7 34. Qd1 Kh7 35. g4 hxg4 36. Qxg4 Qf7 37. Qh3 Qe8 38. Nf1 f5 39. h5 0-1

[Event "UZB-ch"]
[Site "Tashkent"]
[Date "2024.04.24"]
[Round "9"]
[White "Sharipov, Davron"]
[Black "Faizulaev, Akmal"]
[Result "0-1"]
[WhiteElo "2232"]
[BlackElo "2354"]
[PlyCount "122"]
[EventDate "2024.04.20"]
[EventType "tourn (rapid)"]
[EventRounds "23"]
[EventCountry "UZB"]
[EventCategory "5"]
[SourceTitle "CB18_2024"]
[SourceDate "2024.05.01"]
[SourceVersion "1"]
[SourceVersionDate "2024.05.01"]
[SourceQuality "2"]

1. d4 Nf6 2. c4 e6 3. g3 Bb4+ 4. Bd2 Qe7 5. Bg2 d5 6. Qc2 0-0 7. Nf3 Ne4 8. Bxb4 Qxb4+ 9. Nfd2 Nxd2 10. Nxd2 Nc6 11. e3 dxc4 12. a3 Qa5 13. Qxc4 e5 14. b4 Qb6 15. d5 Ne7 16. 0-0 Rd8 17. Qb3 Qh6 18. Rfd1 Bg4 19. Rdc1 Bh3 20. Bf3 c6 21. dxc6 Rxd2 22. cxb7 Rf8 23. Rd1 Qf6 24. e4 Rxd1+ 25. Bxd1 Qc6 26. g4 Qxb7 27. Qxh3 Qxe4 28. Qe3 Qxe3 29. fxe3 Nd5 30. Kf2 Rc8 31. Bb3 Nf6 32. Kf3 Rc3 33. Rb1 g5 34. h3 Kg7 35. a4 h5 36. gxh5 e4+ 37. Kf2 g4 38. hxg4 Nxg4+ 39. Kg3 f5 40. h6+ Kxh6 41. Kf4 Nxe3 42. Be6 Kg6 43. Ke5 Ng4+ 44. Kd4 Rd3+ 45. Kc5 e3 46. Rf1 Nf2 47. Bc4 Ne4+ 48. Kc6 Rc3 49. Kd5 Kf6 50. Re1 Nd2 51. Be2 f4 52. Kd4 Rb3 53. b5 Rb4+ 54. Kc3 Rxa4 55. Bd3 Ke5 56. Rg1 Nf3 57. Rd1 Ra3+ 58. Kc2 Nd4+ 59. Kb2 Rb3+ 60. Kc1 f3 61. b6 axb6 0-1

[Event "UZB-ch"]
[Site "Tashkent"]
[Date "2024.04.23"]
[Round "8"]
[White "Faizulaev, Akmal"]
[Black "Vokhidov, Shamsiddin"]
[Result "0-1"]
[WhiteElo "2354"]
[BlackElo "2591"]
[PlyCount "94"]
[EventDate "2024.04.20"]
[EventType "tourn (rapid)"]
[EventRounds "23"]
[EventCountry "UZB"]
[EventCategory "5"]
[SourceTitle "CB18_2024"]
[SourceDate "2024.05.01"]
[SourceVersion "1"]
[SourceVersionDate "2024.05.01"]
[SourceQuality "2"]

1. e4 c5 2. Nf3 e6 3. d4 cxd4 4. Nxd4 Nc6 5. Nc3 Qc7 6. Ndb5 Qb8 7. Be3 a6 8. Bb6 axb5 9. Nxb5 Bb4+ 10. c3 Ba5 11. Nc7+ Qxc7 12. Bxc7 Bxc7 13. Qg4 g6 14. Bb5 Nge7 15. 0-0 0-0 16. Qe2 d5 17. Rfd1 Rd8 18. a4 Bd7 19. h4 h5 20. exd5 Nxd5 21. g3 Bb6 22. Kg2 Nc7 23. Bd3 Nd5 24. Be4 Be8 25. Bxd5 exd5 26. Qb5 Bc7 27. Qxb7 Ra7 28. Qb3 Ne5 29. Qc2 Bc6 30. Rd4 Bb6 31. b3 Ba8 32. Qe2 Bxd4 33. cxd4 Nc6 34. Qe3 Re7 35. Qc3 Rb8 36. a5 Rb4 37. a6 Rxd4 38. Re1 Rxe1 39. Qxe1 Re4 40. Qd2 d4 41. Kf1 Re8 42. Qd3 Rd8 43. Ke2 Ne5 44. Qb5 d3+ 45. Kd2 Nf3+ 46. Kd1 d2 47. a7 Ne5 0-1

[Event "Agzamov Memorial 17th"]
[Site "Tashkent"]
[Date "2024.03.28"]
[Round "2"]
[White "Faizulaev, Akmal"]
[Black "Daneshvar, Bardiya"]
[Result "0-1"]
[WhiteElo "2354"]
[BlackElo "2597"]
[PlyCount "50"]
[EventDate "2024.03.27"]
[EventType "swiss"]
[EventRounds "10"]
[EventCountry "UZB"]
[SourceTitle "CB14_2024"]
[SourceDate "2024.04.01"]
[SourceVersion "1"]
[SourceVersionDate "2024.04.01"]
[SourceQuality "1"]

1. e4 c6 2. d4 d5 3. exd5 cxd5 4. c4 Nf6 5. Nc3 Nc6 6. Bg5 dxc4 7. d5 Ne5 8. Qd4 h6 9. Bh4 Ng6 10. Bg3 e5 11. Bxe5 Nxe5 12. Qxe5+ Be7 13. 0-0-0 Ng4 14. Qxg7 Bg5+ 15. Kb1 Bf5+ 16. Bd3 Bxd3+ 17. Rxd3 Bf6 18. Qxg4 cxd3 19. Ne4 Kf8 20. Qf5 Qc7 21. Nc3 Bxc3 22. bxc3 Qxc3 23. Nf3 Re8 24. Rc1 Qb4+ 25. Ka1 d2 0-1

[Event "Wch Blitz"]
[Site "Samarkand"]
[Date "2023.12.30"]
[Round "18"]
[White "Faizulaev, Akmal"]
[Black "Kosakowski, Jakub"]
[Result "0-1"]
[WhiteElo "2367"]
[BlackElo "2479"]
[PlyCount "65"]
[EventDate "2023.12.29"]
[EventType "swiss (blitz)"]
[EventRounds "21"]
[EventCountry "UZB"]
[SourceTitle "CB01_2024"]
[SourceDate "2024.01.03"]
[SourceVersion "1"]
[SourceVersionDate "2024.01.03"]
[SourceQuality "1"]

1. e4 c5 2. Nf3 e6 3. d4 cxd4 4. Nxd4 Nc6 5. Nc3 a6 6. g3 Nxd4 7. Qxd4 b5 8. Bg2 Bb7 9. 0-0 Ne7 10. Re1 Rc8 11. a4 Nc6 12. Qd3 b4 13. Nd5 Bc5 14. Ne3 Ne5 15. Qe2 0-0 16. Bd2 a5 17. Kh1 Qb6 18. f4 Ba6 19. Qh5 Nc4 20. Nxc4 Bxc4 21. f5 f6 22. Qg4 e5 23. Qf3 d5 24. exd5 Rfd8 25. Rad1 Bxd5 26. Qe2 Qc6 27. Bc1 Bxg2+ 28. Qxg2 Qxa4 29. Qe4 Rxd1 30. Rxd1 Qc6 31. Rd8+ Kf7 32. Qxc6 Rxc6 33. c3 0-1

[Event "Wch Blitz"]
[Site "Samarkand"]
[Date "2023.12.30"]
[Round "15"]
[White "Khusnutdinov, Rustam"]
[Black "Faizulaev, Akmal"]
[Result "0-1"]
[WhiteElo "2429"]
[BlackElo "2367"]
[PlyCount "82"]
[EventDate "2023.12.29"]
[EventType "swiss (blitz)"]
[EventRounds "21"]
[EventCountry "UZB"]
[SourceTitle "CB01_2024"]
[SourceDate "2024.01.03"]
[SourceVersion "1"]
[SourceVersionDate "2024.01.03"]
[SourceQuality "1"]

1. Nc3 Nf6 2. e4 d6 3. d4 g6 4. g3 Bg7 5. Bg2 0-0 6. Nge2 e5 7. h3 exd4 8. Nxd4 Re8 9. 0-0 Nbd7 10. Re1 a6 11. Bf4 Ne5 12. Qc1 c5 13. Nde2 b5 14. Bg5 Bb7 15. Nf4 h6 16. Bxf6 Qxf6 17. Ncd5 Qd8 18. Rd1 Nc4 19. c3 Nb6 20. Qd2 Nc4 21. Qc2 Be5 22. b3 Nb6 23. Nxb6 Qxb6 24. Nd5 Bxd5 25. Rxd5 b4 26. Rad1 bxc3 27. Bf1 Kg7 28. Bc4 Bd4 29. Kg2 Re5 30. Qd3 a5 31. Qf3 Rxd5 32. Bxd5 Ra7 33. Rc1 Qb4 34. a4 Re7 35. Qd3 Qa3 36. Rc2 Qa1 37. h4 h5 38. Re2 Be5 39. Qf3 Qd1 40. Qe3 c2 41. Re1 Bb2 0-1

[Event "Wch Blitz"]
[Site "Samarkand"]
[Date "2023.12.29"]
[Round "7"]
[White "Faizulaev, Akmal"]
[Black "Botiraliev, Abdumajid"]
[Result "1-0"]
[WhiteElo "2367"]
[BlackElo "1986"]
[PlyCount "45"]
[EventDate "2023.12.29"]
[EventType "swiss (blitz)"]
[EventRounds "21"]
[EventCountry "UZB"]
[SourceTitle "CB01_2024"]
[SourceDate "2024.01.03"]
[SourceVersion "1"]
[SourceVersionDate "2024.01.03"]
[SourceQuality "1"]

1. d4 Nf6 2. c4 e6 3. Nc3 d5 4. Bg5 Be7 5. e3 0-0 6. Qc2 Nbd7 7. Nf3 c6 8. cxd5 exd5 9. Bd3 Re8 10. h3 Nf8 11. 0-0 Ng6 12. Ne5 Nd7 13. Bxe7 Qxe7 14. f4 f6 15. Nxg6 Qxe3+ 16. Kh2 hxg6 17. Bxg6 Rd8 18. Rae1 Qxd4 19. Re7 Nf8 20. Bf7+ Kh8 21. Qe2 Nh7 22. Qh5 Qd3 23. Bg6 1-0

[Event "Wch Blitz"]
[Site "Samarkand"]
[Date "2023.12.29"]
[Round "4"]
[White "Faizulaev, Akmal"]
[Black "Nogerbek, Kazybek"]
[Result "0-1"]
[WhiteElo "2367"]
[BlackElo "2483"]
[PlyCount "74"]
[EventDate "2023.12.29"]
[EventType "swiss (blitz)"]
[EventRounds "21"]
[EventCountry "UZB"]
[SourceTitle "CB01_2024"]
[SourceDate "2024.01.03"]
[SourceVersion "1"]
[SourceVersionDate "2024.01.03"]
[SourceQuality "1"]

1. d4 Nf6 2. c4 e6 3. Nc3 d5 4. Nf3 Nbd7 5. cxd5 exd5 6. Bf4 Bb4 7. e3 c5 8. Bd3 0-0 9. 0-0 Qa5 10. Qc2 b6 11. Ne2 c4 12. Bf5 Re8 13. a3 Be7 14. Ne5 Nxe5 15. dxe5 Bxf5 16. Qxf5 Ne4 17. Nd4 Bc5 18. e6 fxe6 19. Nxe6 Bf8 20. f3 d4 21. Qxa5 bxa5 22. Nc7 Nd2 23. Rfd1 Nb3 24. Rab1 d3 25. Nxa8 Rxa8 26. Be5 Bc5 27. Kf2 Kf7 28. Rbc1 Nxc1 29. Rxc1 Rc8 30. f4 Be7 31. Kf3 Bf6 32. Ke4 Bxe5 33. Kxe5 Ke7 34. Kd4 Rb8 35. Kc3 Kd6 36. Kd4 Rxb2 37. Kxc4 Rc2+ 0-1

[Event "Wch Blitz"]
[Site "Samarkand"]
[Date "2023.12.29"]
[Round "11"]
[White "Sandipan, Chanda"]
[Black "Faizulaev, Akmal"]
[Result "0-1"]
[WhiteElo "2486"]
[BlackElo "2367"]
[PlyCount "78"]
[EventDate "2023.12.29"]
[EventType "swiss (blitz)"]
[EventRounds "21"]
[EventCountry "UZB"]
[SourceTitle "CB01_2024"]
[SourceDate "2024.01.03"]
[SourceVersion "1"]
[SourceVersionDate "2024.01.03"]
[SourceQuality "1"]

1. d3 Nf6 2. f4 d5 3. Nf3 g6 4. g3 Bg7 5. Bg2 0-0 6. 0-0 b6 7. e4 dxe4 8. Ng5 Bb7 9. Nxe4 Nxe4 10. dxe4 e5 11. c3 Nd7 12. f5 Nf6 13. Qe2 a5 14. Rd1 Qe7 15. Bg5 Qc5+ 16. Kh1 Rad8 17. Nd2 h6 18. Be3 Qc6 19. Rf1 Rd7 20. Rf2 Rfd8 21. Raf1 g5 22. h4 g4 23. Re1 Rd3 24. Kh2 Ba6 25. Qd1 Qd7 26. Bf1 Nxe4 27. Bxd3 Qxd3 28. Rg2 Nf6 29. Qb1 Qd5 30. c4 Qc6 31. b3 Bb7 32. Rf2 Bf8 33. Qc2 Bb4 34. Rd1 Qd7 35. Bxh6 Ne4 36. Re2 Nc3 37. Rxe5 Nxd1 38. f6 Bxd2 39. Qxd1 Bxh6 0-1

[Event "Wch Rapid"]
[Site "Samarkand"]
[Date "2023.12.28"]
[Round "11"]
[White "Hirneise, Jens"]
[Black "Faizulaev, Akmal"]
[Result "0-1"]
[WhiteElo "2270"]
[BlackElo "2367"]
[PlyCount "80"]
[EventDate "2023.12.26"]
[EventType "swiss (rapid)"]
[EventRounds "13"]
[EventCountry "UZB"]
[SourceTitle "CB01_2024"]
[SourceDate "2024.01.03"]
[SourceVersion "1"]
[SourceVersionDate "2024.01.03"]
[SourceQuality "1"]

1. e4 c6 2. c4 d5 3. cxd5 cxd5 4. exd5 Nf6 5. Nc3 Nxd5 6. Nf3 Nc6 7. Bb5 e6 8. d4 Be7 9. 0-0 0-0 10. Bd3 Nf6 11. a3 b6 12. Bg5 Bb7 13. Bc2 g6 14. Re1 Rc8 15. Qd2 Na5 16. Bh6 Re8 17. Ne5 Nc4 18. Nxc4 Rxc4 19. Rad1 Qa8 20. Bb3 Rcc8 21. f3 Red8 22. Kh1 Nd5 23. Ne4 Rc7 24. Bg5 Kg7 25. Bh6+ Kg8 26. Bg5 Rdc8 27. Bxe7 Nxe7 28. Qh6 Bxe4 29. fxe4 Qc6 30. h4 Qb5 31. Qe3 Qh5 32. Qh3 Rd8 33. Rd3 Rcd7 34. Red1 Qe2 35. Ba4 Rd6 36. e5 Rxd4 37. Bb5 Rxd3 38. Rxd3 Qe1+ 39. Kh2 Qxe5+ 40. Kh1 Rc8 0-1

[Event "Wch Rapid"]
[Site "Samarkand"]
[Date "2023.12.28"]
[Round "13"]
[White "Tabatabaei, Mohammad Amin"]
[Black "Faizulaev, Akmal"]
[Result "1-0"]
[WhiteElo "2692"]
[BlackElo "2367"]
[PlyCount "89"]
[EventDate "2023.12.26"]
[EventType "swiss (rapid)"]
[EventRounds "13"]
[EventCountry "UZB"]
[SourceTitle "CB01_2024"]
[SourceDate "2024.01.03"]
[SourceVersion "1"]
[SourceVersionDate "2024.01.03"]
[SourceQuality "1"]

1. e4 c6 2. Nf3 d5 3. Nc3 dxe4 4. Nxe4 Nf6 5. Qe2 Nxe4 6. Qxe4 Qd5 7. Qh4 Qe6+ 8. Be2 Nd7 9. d4 Nf6 10. Ne5 Qd6 11. 0-0 Be6 12. c3 h6 13. Re1 Rg8 14. Qg3 g5 15. a4 h5 16. Bf1 h4 17. Qd3 g4 18. g3 hxg3 19. hxg3 Rh8 20. c4 Bh6 21. Bg2 Bxc1 22. Raxc1 Rd8 23. Rcd1 Rh5 24. Qe3 Kf8 25. Qf4 Kg7 26. d5 cxd5 27. cxd5 Nxd5 28. Qe4 Rdh8 29. Nxg4 Qc5 30. Ne5 Nf6 31. Qe2 R8h6 32. Nd3 Qf5 33. Nf4 Rh2 34. Nxe6+ fxe6 35. Qxe6 Qxe6 36. Rxe6 Kf7 37. Re3 b6 38. Rc3 R2h5 39. Rc7 Ra5 40. Re1 Ng8 41. b4 Rxa4 42. Bd5+ Kg7 43. Bxg8 Kxg8 44. Rexe7 Rxb4 45. Rc8# 1-0

[Event "Tashkent Sahibkiran Temur Cup"]
[Site "Tashkent"]
[Date "2023.04.15"]
[Round "2"]
[White "Mitrabha, Guha"]
[Black "Faizulaev, Akmal"]
[Result "1-0"]
[WhiteElo "2510"]
[BlackElo "2391"]
[PlyCount "81"]
[EventDate "2023.04.14"]
[EventType "swiss"]
[EventRounds "9"]
[EventCountry "UZB"]
[SourceTitle "CBM 213 Extra"]
[Source "ChessBase"]
[SourceDate "2023.05.31"]
[SourceVersion "1"]
[SourceVersionDate "2023.05.31"]
[SourceQuality "1"]

1. d4 Nf6 2. c4 g6 3. Nc3 d5 4. Nf3 Bg7 5. Qb3 c6 6. Bf4 dxc4 7. Qxc4 0-0 8. e4 Bg4 9. Be2 Nbd7 10. Rd1 Qe8 11. Qb3 Bxf3 12. Bxf3 e5 13. dxe5 Nxe5 14. Be2 b6 15. 0-0 Qe7 16. Bg3 g5 17. Qc2 h5 18. f4 gxf4 19. Bxf4 Rad8 20. Kh1 Nfg4 21. Rxd8 Rxd8 22. Bxg4 hxg4 23. Ne2 Nd3 24. Ng3 Nxf4 25. Rxf4 Qe5 26. Rf1 Qxb2 27. Qc4 Rd7 28. Qxc6 Qd2 29. Qb5 Rc7 30. Qf5 Qxa2 31. Qxg4 Qc4 32. Rd1 Qe6 33. Nf5 Qg6 34. Qf4 Rb7 35. Rd8+ Bf8 36. Qe5 Qg5 37. Rc8 Kh7 38. h4 Bg7 39. Qe8 Qf6 40. Qg8+ Kg6 41. Rc6 1-0

[Event "Tashkent Kasimdzhanov Cup-B 1st"]
[Site "Tashkent"]
[Date "2023.03.29"]
[Round "7"]
[White "Saydaliev, Saidakbar"]
[Black "Faizulaev, Akmal"]
[Result "1-0"]
[WhiteElo "2276"]
[BlackElo "2311"]
[PlyCount "51"]
[EventDate "2023.03.28"]
[EventType "tourn"]
[EventRounds "9"]
[EventCountry "UZB"]
[EventCategory "7"]
[SourceTitle "CBM 213 Extra"]
[Source "ChessBase"]
[SourceDate "2023.05.31"]
[SourceVersion "1"]
[SourceVersionDate "2023.05.31"]
[SourceQuality "1"]

1. e4 c6 2. Nf3 d5 3. Nc3 Bg4 4. h3 Bxf3 5. Qxf3 e6 6. Be2 g6 7. d4 Bg7 8. Be3 Ne7 9. 0-0 0-0 10. a4 Nd7 11. a5 a6 12. Rfd1 f5 13. exd5 exd5 14. Bf4 Nf6 15. Na4 Ne4 16. Nb6 Ra7 17. c4 g5 18. Be5 Ng6 19. cxd5 cxd5 20. Qb3 Rf7 21. Rac1 Ra8 22. Nxa8 Qxa8 23. Bh5 Qd8 24. Qb6 Qe8 25. Bxg6 hxg6 26. Qxg6 1-0

[Event "Tashkent Kasimdzhanov Cup-B 1st"]
[Site "Tashkent"]
[Date "2023.03.28"]
[Round "3"]
[White "Begmuratov, Khumoyun"]
[Black "Faizulaev, Akmal"]
[Result "1/2-1/2"]
[WhiteElo "2228"]
[BlackElo "2311"]
[PlyCount "138"]
[EventDate "2023.03.28"]
[EventType "tourn"]
[EventRounds "9"]
[EventCountry "UZB"]
[EventCategory "7"]
[SourceTitle "CBM 213 Extra"]
[Source "ChessBase"]
[SourceDate "2023.05.31"]
[SourceVersion "1"]
[SourceVersionDate "2023.05.31"]
[SourceQuality "1"]

1. e4 c5 2. Nf3 Nc6 3. d4 cxd4 4. Nxd4 g6 5. Nc3 Bg7 6. Be3 Nf6 7. Bc4 0-0 8. f3 d6 9. Qd2 Bd7 10. 0-0-0 Rc8 11. Bb3 Nxd4 12. Bxd4 b5 13. e5 dxe5 14. Bxe5 Bc6 15. Qe3 Qa5 16. Ne2 b4 17. Nf4 Ng4 18. fxg4 Qxe5 19. Qxe5 Bxe5 20. Rhf1 Kg7 21. g3 a5 22. Bd5 Bb5 23. Rfe1 Bf6 24. h4 h6 25. Be4 Rfd8 26. Rd5 Rxd5 27. Nxd5 e6 28. Nxf6 Kxf6 29. Kd2 Ke7 30. Re3 Kd6 31. a3 f5 32. gxf5 gxf5 33. Bd3 Bd7 34. axb4 axb4 35. Rf3 Rg8 36. Ke1 Kc5 37. Re3 Kd4 38. Kd2 e5 39. Be2 e4 40. c3+ bxc3+ 41. Rxc3 Be6 42. Ra3 Rb8 43. Ra4+ Ke5 44. b4 Rg8 45. Ra3 f4 46. gxf4+ Kxf4 47. b5 Rg2 48. b6 Bd5 49. Rc3 Rg6 50. Rc5 e3+ 51. Kc3 Bf3 52. Rc4+ Kg3 53. Bxf3 Kxf3 54. b7 Rb6 55. Rc7 e2 56. Rf7+ Ke3 57. Re7+ Kf2 58. Rf7+ Ke1 59. Kc2 h5 60. Kc1 Rc6+ 61. Kb2 Rb6+ 62. Kc2 Rc6+ 63. Kb2 Rb6+ 64. Kc3 Kd1 65. Rd7+ Kc1 66. Re7 Kd1 67. Rd7+ Kc1 68. Re7 Kd1 69. Rd7+ Kc1 1/2-1/2

[Event "Tashkent Kasimdzhanov Cup-B 1st"]
[Site "Tashkent"]
[Date "2023.03.28"]
[Round "4"]
[White "Faizulaev, Akmal"]
[Black "Sargissian, Gabriel"]
[Result "0-1"]
[WhiteElo "2311"]
[BlackElo "2628"]
[PlyCount "68"]
[EventDate "2023.03.28"]
[EventType "tourn"]
[EventRounds "9"]
[EventCountry "UZB"]
[EventCategory "7"]
[SourceTitle "CBM 213 Extra"]
[Source "ChessBase"]
[SourceDate "2023.05.31"]
[SourceVersion "1"]
[SourceVersionDate "2023.05.31"]
[SourceQuality "1"]

1. d4 d5 2. c4 e6 3. Nc3 Nf6 4. Bg5 Be7 5. e3 h6 6. Bf4 0-0 7. Nf3 c5 8. dxc5 Bxc5 9. a3 Nc6 10. Qc2 Qa5 11. Rd1 Rd8 12. Be2 Ne4 13. 0-0 Nxc3 14. bxc3 Bf8 15. a4 dxc4 16. Rxd8 Qxd8 17. Rd1 Qe8 18. Bxc4 b6 19. Ba2 Bb7 20. Bb1 g6 21. h4 Ne7 22. Ne5 h5 23. Bg5 Rd8 24. c4 Bg7 25. Rxd8 Qxd8 26. Nf3 Qd7 27. c5 Nd5 28. cxb6 axb6 29. Qb3 Qc6 30. Be4 Qc1+ 31. Kh2 Qc7+ 32. Kg1 Qc1+ 33. Kh2 Qc5 34. Bd8 Qd6+ 0-1

[Event "Central Asia Cup"]
[Site "Tashkent"]
[Date "2023.01.19"]
[Round "3"]
[White "Vokhidov, Shamsiddin"]
[Black "Faizulaev, Akmal"]
[Result "1-0"]
[WhiteElo "2589"]
[BlackElo "2401"]
[PlyCount "77"]
[EventDate "2023.01.18"]
[EventType "swiss"]
[EventRounds "9"]
[EventCountry "UZB"]
[SourceTitle "CBM 212 Extra"]
[Source "ChessBase"]
[SourceDate "2023.03.31"]
[SourceVersion "1"]
[SourceVersionDate "2023.03.31"]
[SourceQuality "1"]

1. e4 c6 2. d4 d5 3. e5 c5 4. Nf3 Nc6 5. dxc5 Bg4 6. c3 e6 7. b4 a6 8. Nbd2 Nxe5 9. Be2 Nxf3+ 10. Nxf3 Nf6 11. h3 Bh5 12. Bb2 Be7 13. c4 0-0 14. 0-0 a5 15. a3 dxc4 16. Bxc4 Qc7 17. Qb3 b6 18. Ne5 bxc5 19. b5 a4 20. Qe3 Nd5 21. Bxd5 exd5 22. Nc6 Rfe8 23. Rfe1 Bf8 24. Qg5 Be2 25. Be5 Rxe5 26. Nxe5 Bxb5 27. Rab1 Ba6 28. Ng4 Qc6 29. Ne3 d4 30. Nd5 f6 31. Nxf6+ Kh8 32. Ng4 c4 33. Ne5 Qc5 34. Qf5 c3 35. Qe6 g6 36. Rb6 Qc8 37. Nf7+ Kg8 38. Nh6+ Kh8 39. Qg8# 1-0

[Event "Moscow Botvinnik Memorial Cup"]
[Site "Moscow"]
[Date "2022.08.23"]
[Round "9.4"]
[White "Abdinova, Narmin"]
[Black "Faizulaev, Akmal"]
[Result "1/2-1/2"]
[WhiteElo "1762"]
[BlackElo "2398"]
[PlyCount "121"]
[EventDate "2022.08.18"]
[EventType "team-tourn"]
[EventRounds "9"]
[EventCountry "RUS"]
[SourceTitle "CBM 209 Extra"]
[Source "ChessBase"]
[SourceDate "2022.09.30"]
[SourceVersion "1"]
[SourceVersionDate "2022.09.30"]
[SourceQuality "1"]
[WhiteTeam "Azerbaijan"]
[BlackTeam "Uzbekistan"]
[WhiteTeamCountry "AZE"]
[BlackTeamCountry "UZB"]

1. e4 c5 2. c3 d6 3. d4 Nf6 4. Bd3 Qc7 5. Ne2 g6 6. f3 Bg7 7. Be3 0-0 8. Nd2 Nc6 9. 0-0 b6 10. Qe1 cxd4 11. cxd4 Nb4 12. Rc1 Qd7 13. Bb1 Ba6 14. Nc4 Nc6 15. Bd3 Rfc8 16. d5 Na5 17. Ne5 Qb7 18. Bxa6 Qxa6 19. b4 dxe5 20. bxa5 bxa5 21. Qd2 Ne8 22. Rxc8 Rxc8 23. Rc1 Rxc1+ 24. Nxc1 Nd6 25. Qd3 Qb7 26. Qb3 Qc7 27. Nd3 f5 28. Nc5 Bh6 29. Bxh6 Qxc5+ 30. Be3 Qc7 31. exf5 gxf5 32. h3 f4 33. Bf2 Kg7 34. Kh2 Ne8 35. Qa4 Nf6 36. Qb5 a6 37. Qc6 Qd6 38. Be1 Nxd5 39. Qc4 Ne3 40. Qe4 Qc5 41. Bf2 Qd4 42. Qb7 Qb4 43. Qc7 Kf6 44. Bh4+ Ke6 45. Qc8+ Kf7 46. Bf2 Qc4 47. Qh8 Qc2 48. Bxe3 fxe3 49. Qxe5 e2 50. Kg3 Qd2 51. Qf5+ Ke8 52. Qc8+ Kf7 53. Qf5+ Kg7 54. Qe5+ Kf8 55. Qf5+ Kg8 56. Qe6+ Kf8 57. Qf5+ Kg7 58. Qe5+ Kf7 59. Qf5+ Ke8 60. Qc8+ Kf7 61. Qf5+ 1/2-1/2

[Event "Moscow Botvinnik Memorial Cup"]
[Site "Moscow"]
[Date "2022.08.22"]
[Round "7.4"]
[White "Akhilbay, Imangali"]
[Black "Faizulaev, Akmal"]
[Result "1-0"]
[WhiteElo "2017"]
[BlackElo "2398"]
[PlyCount "151"]
[EventDate "2022.08.18"]
[EventType "team-tourn"]
[EventRounds "9"]
[EventCountry "RUS"]
[SourceTitle "CBM 209 Extra"]
[Source "ChessBase"]
[SourceDate "2022.09.30"]
[SourceVersion "1"]
[SourceVersionDate "2022.09.30"]
[SourceQuality "1"]
[WhiteTeam "Kazakhstan"]
[BlackTeam "Uzbekistan"]
[WhiteTeamCountry "KAZ"]
[BlackTeamCountry "UZB"]

1. d4 Nf6 2. Bf4 d5 3. Nc3 c5 4. e3 cxd4 5. exd4 a6 6. Nf3 Nc6 7. Ne5 Bf5 8. g4 Be6 9. Nxc6 bxc6 10. g5 Nd7 11. Bg2 g6 12. Qd2 Bg7 13. 0-0 0-0 14. Ne2 Bf5 15. Ng3 e6 16. c4 a5 17. Rac1 Qb6 18. Rfd1 Rfc8 19. Rc3 a4 20. Nxf5 gxf5 21. c5 Qb4 22. Qe2 Nf8 23. a3 Qb7 24. Bd6 Ra5 25. Bf1 Rb5 26. b4 axb3 27. Qb2 Ra5 28. Rxb3 Qa8 29. Rdd3 Ng6 30. Rb4 Ra4 31. Rdb3 Rxb4 32. axb4 Qa4 33. Qa3 Qxa3 34. Rxa3 Bxd4 35. Ba6 Ra8 36. b5 cxb5 37. c6 Bb6 38. c7 Bxc7 39. Bxc7 b4 40. Ra5 b3 41. Bd3 Rc8 42. Ra7 b2 43. Rb7 Kg7 44. f4 h6 45. Kf2 hxg5 46. fxg5 Rh8 47. Rxb2 Rh5 48. Be2 Rh3 49. Bf1 Rh5 50. Be2 Rh3 51. Kg1 f6 52. Rb7 fxg5 53. Be5+ Kf8 54. Bg7+ Kg8 55. Bf6 Nf4 56. Bf1 Rh6 57. Bxg5 Rg6 58. h4 e5 59. Kf2 Ne6 60. Rb8+ Kg7 61. Rb7+ Kg8 62. Bd2 f4 63. Bh3 Nc5 64. Rb8+ Kg7 65. Bf5 Ra6 66. Rb5 Ra2 67. Ke1 Kf6 68. Bb1 Ra1 69. Bc3 Ra3 70. Rxc5 d4 71. Rc6+ Kg7 72. Bd2 Rh3 73. Be4 Rxh4 74. Re6 Rh5 75. Bb4 Kf7 76. Bd5 1-0

[Event "Moscow Botvinnik Memorial Cup"]
[Site "Moscow"]
[Date "2022.08.22"]
[Round "7.4"]
[White "Faizulaev, Akmal"]
[Black "Shaikenova, Adiya"]
[Result "1-0"]
[WhiteElo "2398"]
[BlackElo "1427"]
[PlyCount "83"]
[EventDate "2022.08.18"]
[EventType "team-tourn"]
[EventRounds "9"]
[EventCountry "RUS"]
[SourceTitle "CBM 209 Extra"]
[Source "ChessBase"]
[SourceDate "2022.09.30"]
[SourceVersion "1"]
[SourceVersionDate "2022.09.30"]
[SourceQuality "1"]
[WhiteTeam "Uzbekistan"]
[BlackTeam "Kazakhstan"]
[WhiteTeamCountry "UZB"]
[BlackTeamCountry "KAZ"]

1. d4 Nf6 2. c4 g6 3. Nc3 d5 4. cxd5 Nxd5 5. Nf3 Bg7 6. g3 0-0 7. Bg2 Nxc3 8. bxc3 c5 9. 0-0 Nc6 10. e3 cxd4 11. cxd4 Bf5 12. Nh4 Be6 13. Rb1 Bxa2 14. Rxb7 Bd5 15. Ba3 Bxg2 16. Nxg2 Re8 17. Qa4 Qd5 18. Rc7 Rac8 19. Rxc8 Rxc8 20. Rc1 e5 21. dxe5 Bxe5 22. e4 Qe6 23. Ne3 Bd4 24. Nd5 Bf6 25. Qa6 Kg7 26. Nxf6 Kxf6 27. Bb2+ Ke7 28. f3 Rc7 29. Qa3+ Qd6 30. Qc3 Ke8 31. Ba3 Nd4 32. Qxc7 Nxf3+ 33. Kh1 Qxa3 34. Qb8+ Ke7 35. Qf4 f6 36. Rf1 Nxh2 37. Qxf6+ Kd7 38. Kxh2 Qa2+ 39. Rf2 Qb1 40. Rd2+ Kc7 41. Qc3+ Kb6 42. Rb2+ 1-0

[Event "Moscow Botvinnik Memorial Cup"]
[Site "Moscow"]
[Date "2022.08.21"]
[Round "6.1"]
[White "Beknazarov, Emir"]
[Black "Faizulaev, Akmal"]
[Result "1/2-1/2"]
[WhiteElo "1452"]
[BlackElo "2398"]
[PlyCount "59"]
[EventDate "2022.08.18"]
[EventType "team-tourn"]
[EventRounds "9"]
[EventCountry "RUS"]
[SourceTitle "CBM 209 Extra"]
[Source "ChessBase"]
[SourceDate "2022.09.30"]
[SourceVersion "1"]
[SourceVersionDate "2022.09.30"]
[SourceQuality "1"]
[WhiteTeam "Kyrgyzstan"]
[BlackTeam "Uzbekistan"]
[WhiteTeamCountry "KGZ"]
[BlackTeamCountry "UZB"]

1. e4 c5 2. Nc3 d6 3. f4 Nc6 4. Nf3 g6 5. Bb5 Bd7 6. 0-0 Bg7 7. Bxc6 Bxc6 8. d3 Nf6 9. e5 dxe5 10. fxe5 Ng4 11. e6 f5 12. Bf4 Bd4+ 13. Kh1 Nf2+ 14. Rxf2 Bxf2 15. Qe2 Bd4 16. Nxd4 cxd4 17. Qe5 0-0 18. Bh6 Rf6 19. Ne2 Qb8 20. Qxd4 g5 21. Bxg5 Rg6 22. h4 h6 23. Nf4 Qe8 24. Bxe7 Rg4 25. Bb4 Rxh4+ 26. Kg1 Kh7 27. Qe5 Rxf4 28. Qxf4 Qg6 29. Qc7+ Kg8 30. Qf7+ 1/2-1/2